INFORMATION THEORY CODING & CRYPTOGRAPHY (Record no. 18385)

MARC details
000 -LEADER
fixed length control field 00328nam a22001457a 4500
003 - CONTROL NUMBER IDENTIFIER
control field SGT
020 ## - INTERNATIONAL STANDARD BOOK NUMBER
International Standard Book Number 9788131797495
082 ## - DEWEY DECIMAL CLASSIFICATION NUMBER
Classification number 003.54,SAH
100 ## - MAIN ENTRY--PERSONAL NAME
Personal name SAHA,ARIJIT
245 ## - TITLE STATEMENT
Title INFORMATION THEORY CODING & CRYPTOGRAPHY
260 ## - PUBLICATION, DISTRIBUTION, ETC. (IMPRINT)
Place of publication, distribution, etc CHENNAI
Name of publisher, distributor, etc PEARSON
Year of Publication 2019
300 ## - PAGE DESCRIPTION
No. of Pages 656
650 ## - SUBJECT ADDED ENTRY--TOPICAL TERM
Topical term or geographic name as entry element COMPUTER
942 ## - ADDED ENTRY ELEMENTS (KOHA)
Source of classification or shelving scheme Dewey Decimal Classification
Koha item type Books
942 ## - ADDED ENTRY ELEMENTS (KOHA)
-- 1
Holdings
Withdrawn status Lost status Source of classification or shelving scheme Damaged status Use restrictions Not for loan Collection code Home library Current library Shelving location Date acquired Vendor Name Cost, normal purchase price SGTU Bill Number Full call number Accession No. (Barcode) Date last seen Bill Date Koha item type Total Checkouts Date last borrowed
    Dewey Decimal Classification   Restricted Access Not For Loan ENGINEERING SGT Engineering Library SGT Engineering Library Reference Book 24/06/2019 KIRTI PRAKASHAN 409.00 SGTU IN3775 003.54,SAH FE7492 24/06/2019 02/05/2019 Books    
    Dewey Decimal Classification       ENGINEERING SGT Engineering Library SGT Engineering Library Text Book 24/06/2019 KIRTI PRAKASHAN 409.00 SGTU IN3775 003.54,SAH FE7493 21/02/2025 02/05/2019 Books 1 17/02/2025